000 00629nam a2200277Ia 4500
005 20260324131258.0
008 008 260324s9999 xx 000 0 eng d
020 _a9780080468433
037 _aEBOOK
040 _aCRL
040 _beng
040 _cCRL
041 _2eng
041 _aeng
084 _qCRL
100 _aBrendan Hennessy
_91184904
245 0 _aWriting Feature Articles
260 _bTaylor and Francis
260 _c2006
365 _a
365 _b280
856 _uhttp://www.taylorfrancis.com/books/9780080468433
942 _cEBOOK
999 _c1781909
_d1781909